La competitividad sistemática en Nicaragua Estudio Regional.

Bibliographic Details
Main Author: Aráuz, Alejandro L
Format: Section = Libro
Language:Undetermined
Spanish
Published: Managua Fundación Friedrich Ebert 2004
Subjects:
LEADER 00598nam a2200205Ia 4500
008 240829s9999 xx 000 0 und d
040 |a BIBLIOTECA-RUSB/ 330.7285 A663 
041 |a spa 
082 |a 330.7285 A663 
100 1 |a Aráuz, Alejandro L 
245 1 0 |a La competitividad sistemática en Nicaragua Estudio Regional. 
260 |a Managua  |b Fundación Friedrich Ebert  |c 2004 
300 |a 71 p. :il. 
650 7 |a ECONOMIA - COMPETITIVIDAD - NICARAGUA 
650 7 |b  LIBRE COMERCIO 
650 7 |c  GLOBALIZACION 
650 7 |d  POLITICA MONETARIA 
942 |c BK  |2 ddc 
991 |a TEXTO 
999 |c 914